000
00233nam a2200097Ia 4500
005
20251222114410.0
008
251222s1900||||xx |||||||||||||| ||spa||
082
_a
DVD0010/B24O/2000
245
0
_a
Romeo debe morir:Romeo must
942
_c
DVD
999
_c
2000
_d
2000